Lesión, contravención y delito. A propósito de la legislación y regulación de la violencia de pareja en Costa Rica: 1800-2000 /

Gespeichert in:
Bibliographische Detailangaben
1. Verfasser: Rodríguez Sáenz, Eugenia
Format: Text
Schlagworte:
Tags: Tag hinzufügen
Keine Tags, Fügen Sie den ersten Tag hinzu!

MARC

LEADER 00000 a a2200000 04500
001 16787
003
040
100 |a Rodríguez Sáenz, Eugenia  
245 |a Lesión, contravención y delito. A propósito de la legislación y regulación de la violencia de pareja en Costa Rica: 1800-2000 /  |c Eugenia Rodríguez Sáenz 
500 |a En Na. 19392.00 se encuentra informacion complementaria para este articulo  
650 |a VIOLENCIA CONTRA LAS MUJERES  
650 |a DIVORCIO  
650 |a LEGISLACION SOCIAL  
650 |a ANALISIS HISTORICO  
773 |g volumen 10, número 1; páginas 215-245  
999 |c 24895  |d 24895